MandJTV Quiz - Statistics

General Stats
  • This quiz has been taken 102 times
  • The average score is 9 of 15
Answer Stats
Hint Answer % Correct
MandJTV’s real life Poketuber rival PM7/Pokemen7
89%
MandJTV’s favorite Pokémon region Hoenn
85%
“Greetings____” Pokefans
85%
“Haha, it is I____” Grunty Boi
82%
MandJTV’s most hated Pokémon Miltank
82%
MandJTV’s favorite Pokémon Sceptile
75%
“If it’s not 100% accurate it’s____” 50% accurate
71%
“At some point in the ___ I asked you” Past
71%
MandJTV has a series starring plushies called___ Pokémon Talk
69%
MandJTV’s signature catchphrase Hail yeah!
56%
MandJTV’s mascot Mytey
53%
Before he became a Poketuber, MandJTV had a series called Raccoon Man
38%
The other name for his “Pokémon Meme Review” Aspitipiay
20%
The old name for MandJTV’s Pokémon channel MandJTV Pokevids
11%
He famously lost a Metronome Battle to this Poketuber TheAuraGuardian
7%
No matching quizzes found
Score Distribution
Percent of People with Each Score
Percentile by Number Answered
Your Score History
You have not taken this quiz